[Event "Kanata CC Xmas op"]
[Site "Ottawa CAN"]
[Date "1989.12.18"]
[Round "3"]
[White "Pacey, Kevin"]
[Black "Innes, D."]
[Result "1-0"]
[WhiteElo "2322"]
[BlackElo "1809"]
[PlyCount "67"]
[GameId "2160767912494158"]
[EventDate "1989.11.27"]
[EventType "swiss"]
[EventRounds "3"]
[EventCountry "CAN"]

1. e4 c5 2. Nf3 Nc6 3. d4 cxd4 4. Nxd4 d6 5. c4 Nf6 6. Nc3 g6 7. Be2 Bg7 8. Be3 Bd7 9. O-O O-O 10. f3 Rc8 11. Qd2 a6 12. Rac1 Nh5 13. Nb3 Na5 14. Nxa5 Qxa5 15. Nd5 Qxd2 16. Nxe7+ Kh8 17. Bxd2 Bd4+ 18. Kh1 Rce8 19. Nd5 Re5 20. g4 Ng7 21. Rfd1 Ree8 22. Bb4 Bxb2 23. Rb1 Be5 24. f4 Bxf4 25. Nxf4 Rxe4 26. Bxd6 Rfe8 27. Bf3 Rxc4 28. Rxb7 Ba4 29. Rd2 f5 30. g5 Re1+ 31. Kg2 Rcc1 32. Ne2 Bc6 33. Rb8+ Be8 34. Nxc1 1-0

[Event "Kent Oliver mem"]
[Site "Winnipeg CAN"]
[Date "1989.??.??"]
[Round "?"]
[White "Gentes, Kevin"]
[Black "Kaptsan, Aron"]
[Result "1-0"]
[WhiteElo "2345"]
[BlackElo "2202"]
[PlyCount "45"]
[GameId "2160767912519900"]
[EventDate "1989.??.??"]
[EventType "swiss"]
[EventRounds "5"]
[EventCountry "CAN"]
[SourceTitle "CFC 1989.04"]

1. d4 Nf6 2. c4 d6 3. Nc3 e5 4. d5 Bf5 5. f3 e4 6. g4 Bg6 7. g5 Nfd7 8. fxe4 Ne5 9. Nf3 Nbd7 10. Nxe5 Nxe5 11. h4 h6 12. gxh6 gxh6 13. h5 Bh7 14. Qa4+ Nd7 15. Bh3 a6 16. Bd2 Qh4+ 17. Kd1 Qe7 18. Rf1 O-O-O 19. c5 dxc5 20. d6 Qxd6 21. Rxf7 Bg8 22. Bxd7+ Rxd7 23. Qxd7+ 1-0

[Event "Kirkland Lake op"]
[Site "Kirkland Lake CAN"]
[Date "1989.02.??"]
[Round "?"]
[White "Hodson, Richard"]
[Black "Ellis, Steve"]
[Result "1-0"]
[WhiteElo "2050"]
[BlackElo "2047"]
[PlyCount "93"]
[GameId "2160767912519791"]
[EventDate "1989.02.03"]
[EventType "swiss"]
[EventRounds "5"]
[EventCountry "CAN"]
[SourceTitle "CFC 1989.04"]

1. e4 c5 2. Nf3 d6 3. d4 cxd4 4. Nxd4 Nf6 5. Nc3 g6 6. Be3 Bg7 7. f3 O-O 8. Bc4 Nc6 9. Qd2 Bd7 10. O-O-O Qb8 11. h4 Rc8 12. Nxc6 bxc6 13. Bh6 Bh8 14. e5 dxe5 15. Ne4 Rd8 16. h5 Be6 17. Qxd8+ Qxd8 18. Rxd8+ Rxd8 19. Bxe6 Nxe4 20. fxe4 fxe6 21. Rd1 Rxd1+ 22. Kxd1 gxh5 23. Be3 a6 24. Kd2 Bf6 25. Kc3 h6 26. Bxh6 Kh7 27. Be3 Kg6 28. Kb4 Bg5 29. Bf2 Bc1 30. b3 Kg5 31. Ka5 Kf4 32. Kxa6 Kxe4 33. Kb7 Kd5 34. a4 Bd2 35. c4+ Kd6 36. Kb6 e4 37. c5+ Kd7 38. a5 Kc8 39. Bg3 h4 40. a6 Be3 41. Bxh4 Kb8 42. Kxc6 Bd2 43. Kd7 e3 44. c6 Ba5 45. c7+ Bxc7 46. a7+ Kxa7 47. Kxc7 1-0

[Event "Kirkland Lake op"]
[Site "Kirkland Lake CAN"]
[Date "1989.03.??"]
[Round "?"]
[White "Deline, Ralph"]
[Black "Zmijowskij, Tim"]
[Result "0-1"]
[WhiteElo "1842"]
[BlackElo "1714"]
[PlyCount "72"]
[GameId "2160767912519792"]
[EventDate "1989.02.03"]
[EventType "swiss"]
[EventRounds "5"]
[EventCountry "CAN"]
[SourceTitle "CFC 1989.04"]

1. e4 c5 2. f4 Nc6 3. d3 g6 4. c3 Bg7 5. Be2 d6 6. Na3 a6 7. Nc2 b5 8. a3 e6 9. Nf3 Bb7 10. O-O Nf6 11. Qe1 O-O 12. Nh4 Qe7 13. g4 Rfe8 14. Ne3 a5 15. f5 exf5 16. g5 Nxe4 17. Nd5 Qe5 18. dxe4 Qxe4 19. Ne3 Nd4 20. cxd4 Bxd4 21. Bf3 Qe7 22. Bxb7 Qxb7 23. Nhg2 Re4 24. Rf4 Rae8 25. Rxe4 Qxe4 26. Kf1 f4 27. Bd2 fxe3 28. Bxe3 Bxe3 29. Nxe3 Qxe3 30. Qxe3 Rxe3 31. Rd1 Re6 32. Rd5 b4 33. axb4 axb4 34. Kf2 Kf8 35. Kf3 Ke7 36. h4 Kd7 0-1

[Event "Labour Day op"]
[Site "Victoria CAN"]
[Date "1989.09.03"]
[Round "3"]
[White "Pitre, Hanniegn"]
[Black "Scoones, Dan"]
[Result "0-1"]
[WhiteElo "2015"]
[BlackElo "2251"]
[PlyCount "94"]
[GameId "2160767912502469"]
[EventDate "1989.09.02"]
[EventType "swiss"]
[EventCountry "CAN"]

1. e4 c5 2. Nf3 e6 3. d4 cxd4 4. Nxd4 Nf6 5. Nc3 d6 6. Be2 Be7 7. O-O O-O 8. f4 Nc6 9. Kh1 Bd7 10. Be3 a6 11. Qe1 b5 12. a3 Qb8 13. Qg3 b4 14. axb4 Qxb4 15. e5 Nxd4 16. exf6 Bxf6 17. Ne4 Be7 18. Bd3 Nf5 19. Qh3 h6 20. c3 Qb7 21. Bc1 Bc6 22. Re1 Nh4 23. Re2 f5 24. Nd2 e5 25. Nc4 e4 26. Bb1 Bd5 27. Ne3 Be6 28. c4 Kh8 29. Ba2 Ng6 30. Nd5 Bxd5 31. cxd5 Rac8 32. g3 Qb5 33. Re1 Rc2 34. Be3 Bf6 35. Qh5 Bxb2 36. Rab1 Qa4 37. Rxb2 Rxb2 38. Qxg6 Qxa2 39. Bg1 Qxd5 40. Be3 Qf7 41. Qxd6 Ra2 42. Bd4 Kh7 43. Rb1 Qh5 44. Bb2 Qf3+ 45. Kg1 Qe3+ 46. Kg2 Rf6 47. Qe5 Qd3 0-1

[Event "Labour Day op"]
[Site "Victoria CAN"]
[Date "1989.09.03"]
[Round "4"]
[White "Scoones, Dan"]
[Black "Neufahrt, Gerhard"]
[Result "1-0"]
[WhiteElo "2251"]
[BlackElo "2161"]
[PlyCount "51"]
[GameId "2160767912502470"]
[EventDate "1989.09.02"]
[EventType "swiss"]
[EventCountry "CAN"]

1. c4 g6 2. Nc3 Bg7 3. g3 c6 4. Bg2 d6 5. d4 Nd7 6. e3 f5 7. Nge2 e5 8. b3 Ne7 9. a4 e4 10. f3 d5 11. cxd5 cxd5 12. Ba3 Nf6 13. Nf4 g5 14. fxe4 gxf4 15. e5 Ne4 16. Bxe4 fxe4 17. Qh5+ Ng6 18. exf4 Qd7 19. Nb5 Bf8 20. e6 Qd8 21. Bxf8 Kxf8 22. f5 a6 23. fxg6 axb5 24. O-O+ Kg8 25. g7 Kxg7 26. Rf7+ 1-0

[Event "Labour Day op"]
[Site "Victoria CAN"]
[Date "1989.09.04"]
[Round "6"]
[White "Scoones, Dan"]
[Black "Herder, David"]
[Result "1-0"]
[WhiteElo "2251"]
[BlackElo "2119"]
[PlyCount "59"]
[GameId "2160767912502472"]
[EventDate "1989.09.02"]
[EventType "swiss"]
[EventCountry "CAN"]

1. Nf3 d6 2. d4 g6 3. c4 Bg7 4. Nc3 Nf6 5. e4 O-O 6. Be2 Nc6 7. d5 Nb4 8. h3 a5 9. O-O c6 10. Re1 Ne8 11. Bf1 e5 12. dxc6 bxc6 13. c5 Qe7 14. cxd6 Nxd6 15. a3 Na6 16. Be3 Be6 17. Qa4 Qb7 18. Qxa5 Bc4 19. Red1 Bxf1 20. Rxd6 Bc4 21. Rad1 Nc7 22. Qc5 Be6 23. Rxc6 Na6 24. Qb6 Qe7 25. Bg5 Qe8 26. Nd5 Bd7 27. Rd6 Bb5 28. Nf6+ Bxf6 29. Bxf6 Be2 30. Qe3 1-0

[Event "Labour Day op"]
[Site "Winnipeg CAN"]
[Date "1989.09.04"]
[Round "6"]
[White "Burstow, John"]
[Black "Waissbluth, Boris"]
[Result "0-1"]
[WhiteElo "2149"]
[BlackElo "2150"]
[PlyCount "68"]
[GameId "2160767912502473"]
[EventDate "1989.09.02"]
[EventType "swiss"]
[EventRounds "6"]
[EventCountry "CAN"]
[SourceTitle "CFC 1989.12"]

1. e4 c5 2. Nf3 d6 3. d4 cxd4 4. Nxd4 Nf6 5. Nc3 a6 6. Bg5 e6 7. f4 Be7 8. Qf3 Qc7 9. O-O-O Nbd7 10. g4 b5 11. Bxf6 Nxf6 12. g5 Nd7 13. a3 Rb8 14. h4 b4 15. axb4 Rxb4 16. Bh3 Qb6 17. Nf5 exf5 18. Nd5 Qc5 19. exf5 Bb7 20. Rhe1 Bxd5 21. Rxd5 Qb6 22. b3 O-O 23. Rxe7 Nc5 24. Re3 a5 25. f6 a4 26. fxg7 Rb8 27. Bf5 Nxb3+ 28. cxb3 axb3 29. Rdd3 b2+ 30. Kb1 Qa5 31. Bxh7+ Kxh7 32. Ra3 Qf5+ 33. Red3 Rb3 34. g6+ Kxg7 0-1

[Event "Longueuil CC-ch"]
[Site "Longueuil CAN"]
[Date "1989.04.21"]
[Round "1"]
[White "Letourneau, Jean"]
[Black "Morin, Louis"]
[Result "0-1"]
[WhiteElo "1730"]
[BlackElo "1918"]
[PlyCount "78"]
[GameId "2160767912519479"]
[EventDate "1989.04.21"]
[EventType "swiss"]
[EventRounds "6"]
[EventCountry "CAN"]
[SourceTitle "hb 2013"]

1. e4 d5 2. exd5 Qxd5 3. Nc3 Qa5 4. d4 e5 5. Nf3 e4 6. Ne5 Bb4 7. Bd2 Nf6 8. a3 Bxc3 9. Bxc3 Qb6 10. Nc4 Qe6 11. Ne3 Nbd7 12. Bc4 Qb6 13. Qe2 O-O 14. O-O-O c6 15. g4 Qc7 16. g5 Ne8 17. h4 Nb6 18. Bb3 Be6 19. d5 cxd5 20. Nxd5 Bxd5 21. Bxd5 Nxd5 22. Rxd5 f5 23. Qd2 Rf7 24. h5 Qc6 25. Rd1 Rc8 26. h6 gxh6 27. Qd4 Ng7 28. gxh6 Qxh6+ 29. Kb1 Qb6 30. Qe5 Re8 31. Qg3 Qg6 32. Qh2 Qh5 33. Qg2 Qg6 34. Qh2 Qh5 35. Qg2 Qg4 36. Qh2 Qf3 37. Rg1 e3 38. fxe3 Qxd5 39. Rxg7+ Rxg7 0-1

[Event "Longueuil CC-ch"]
[Site "Longueuil CAN"]
[Date "1989.04.28"]
[Round "2"]
[White "Morin, Louis"]
[Black "Bergeron, Marc"]
[Result "1/2-1/2"]
[WhiteElo "1918"]
[BlackElo "1779"]
[PlyCount "108"]
[GameId "2160767912519480"]
[EventDate "1989.04.21"]
[EventType "swiss"]
[EventRounds "6"]
[EventCountry "CAN"]
[SourceTitle "hb 2013"]

1. e4 Nc6 2. Nf3 Nf6 3. e5 Nd5 4. Nc3 Nxc3 5. dxc3 d6 6. Bc4 dxe5 7. Qxd8+ Nxd8 8. Nxe5 f6 9. Nf3 e5 10. O-O Be6 11. Bxe6 Nxe6 12. Be3 Bc5 13. b4 Bxe3 14. fxe3 Ke7 15. Rfd1 Rhd8 16. Kf2 Rxd1 17. Rxd1 Rd8 18. Rb1 Rd6 19. a4 Nd8 20. Ke2 Ke6 21. c4 Nf7 22. c5 Rd8 23. c4 h6 24. b5 Ng5 25. Nxg5+ hxg5 26. a5 e4 27. b6 cxb6 28. axb6 a6 29. c6 bxc6 30. Ra1 Rb8 31. Rxa6 Kd6 32. Ra7 Rxb6 33. Rxg7 Rb2+ 34. Kf1 Rc2 35. h3 Rxc4 36. g3 Rc1+ 37. Kf2 Rc2+ 38. Kf1 Rc5 39. h4 gxh4 40. gxh4 Rh5 41. Rg4 f5 42. Rf4 Kd5 43. Ke2 Kc4 44. Kd2 Kd5 45. Kc3 Ke5 46. Kc4 Kd6 47. Kd4 c5+ 48. Kc4 Kc6 49. Rf1 Kd6 50. Rf4 Kc6 51. Rf1 Rxh4 52. Rxf5 Rh3 53. Rxc5+ Kd6 54. Kd4 Rxe3 1/2-1/2

[Event "Longueuil CC-ch"]
[Site "Longueuil CAN"]
[Date "1989.05.05"]
[Round "3"]
[White "Ayotte, Jocelyn"]
[Black "Charest, Johanne"]
[Result "1-0"]
[WhiteElo "1589"]
[BlackElo "1630"]
[PlyCount "79"]
[GameId "2160767912519482"]
[EventDate "1989.04.21"]
[EventType "swiss"]
[EventRounds "6"]
[EventCountry "CAN"]
[SourceTitle "EXT 2022"]
[Source "ChessBase"]
[SourceDate "2021.10.06"]
[SourceVersion "1"]
[SourceVersionDate "2021.10.06"]
[SourceQuality "1"]

1. d4 d5 2. c4 c6 3. Nf3 Nf6 4. cxd5 cxd5 5. Nc3 e6 6. Bf4 Nc6 7. e3 a6 8. Ne5 Bd7 9. Rc1 Bb4 10. a3 Bd6 11. Nxf7 Kxf7 12. Bxd6 Qb6 13. Na4 Qa5+ 14. b4 Qd8 15. Nc5 Bc8 16. Bg3 b6 17. Nd3 Ne7 18. Bc7 Qe8 19. Ne5+ Kg8 20. Bxb6 Rb8 21. Bc7 Ra8 22. Bd3 Bb7 23. O-O Rc8 24. Bd6 Rd8 25. Bxe7 Qxe7 26. Nc6 Bxc6 27. Rxc6 a5 28. Qa4 axb4 29. axb4 Rb8 30. b5 Qd7 31. Qa6 Kf7 32. Rfc1 Ne8 33. b6 Kf8 34. Bb5 Nd6 35. Be2 Ra8 36. Qd3 Nc4 37. Rc7 Qd8 38. Bh5 g6 39. Qe2 Nxb6 40. Qf3+ 1-0

[Event "Longueuil CC-ch"]
[Site "Longueuil CAN"]
[Date "1989.05.05"]
[Round "3"]
[White "Vaillancourt, Luc"]
[Black "Morin, Louis"]
[Result "0-1"]
[WhiteElo "1791"]
[BlackElo "1918"]
[PlyCount "126"]
[GameId "2160767912519483"]
[EventDate "1989.04.21"]
[EventType "swiss"]
[EventRounds "6"]
[EventCountry "CAN"]
[SourceTitle "hb 2013"]

1. e4 e5 2. Nf3 d6 3. d4 Nf6 4. Nc3 Nbd7 5. Bc4 Be7 6. O-O O-O 7. a4 c6 8. Re1 Qc7 9. Ba2 b6 10. Nh4 g6 11. Bg5 Kg7 12. Qd2 Ng8 13. Nf3 Ndf6 14. h3 a6 15. Bc4 h6 16. Bh4 Nh5 17. Bxe7 Qxe7 18. d5 c5 19. Bf1 f5 20. Ra3 Ra7 21. Rb3 Qd8 22. Nh2 Raf7 23. Nd1 Ngf6 24. exf5 gxf5 25. Be2 Ne4 26. Qc1 Nf4 27. Bf3 Qg5 28. Kf1 Nf6 29. g3 N4xd5 30. Qxg5+ hxg5 31. Bxd5 Nxd5 32. Rd3 Be6 33. c4 Nb4 34. Rxd6 Bxc4+ 35. Kg1 Nd3 36. Re3 e4 37. Rxb6 Rf6 38. Rxf6 Kxf6 39. g4 Rb8 40. gxf5 Kxf5 41. Nf1 Nxb2 42. Ng3+ Kg6 43. Nxb2 Rxb2 44. Nxe4 Rb1+ 45. Kh2 Bd5 46. f3 Bxe4 47. Rxe4 Rb6 48. Rc4 Rc6 49. Kg3 Kf5 50. Kf2 Ke5 51. Ke3 Kd5 52. Rg4 Rh6 53. Rxg5+ Kc4 54. Rg4+ Kb3 55. Rg5 c4 56. Rc5 c3 57. Rc7 c2 58. Rb7+ Kc3 59. Rc7+ Kb2 60. Rb7+ Kc1 61. Rb4 Re6+ 62. Kf2 Kd2 63. Rb7 Re2+ 0-1

[Event "Longueuil CC-ch"]
[Site "Longueuil CAN"]
[Date "1989.05.12"]
[Round "4"]
[White "Morin, Louis"]
[Black "Lavoie, Denis"]
[Result "1-0"]
[WhiteElo "1918"]
[BlackElo "1658"]
[PlyCount "73"]
[GameId "2160767912519484"]
[EventDate "1989.04.21"]
[EventType "swiss"]
[EventRounds "6"]
[EventCountry "CAN"]
[SourceTitle "hb 2013"]

1. e4 c5 2. d4 cxd4 3. c3 Nf6 4. e5 Nd5 5. Bc4 Nb6 6. Bb3 e6 7. Nf3 Nc6 8. O-O d6 9. exd6 Bxd6 10. cxd4 O-O 11. Nc3 a6 12. a3 Re8 13. Bc2 Bf8 14. Bxh7+ Kxh7 15. Ng5+ Kg6 16. Qd3+ f5 17. Qh3 Qd7 18. Re1 Nxd4 19. Bf4 Bd6 20. Nce4 fxe4 21. Qh7+ Kf6 22. Nxe4+ Ke7 23. Bxd6+ Kd8 24. Qh4+ Re7 25. Rad1 Nf5 26. Bxe7+ Ke8 27. Qh8+ Kxe7 28. Rxd7+ Bxd7 29. Qh5 Rc8 30. Qg5+ Kf7 31. g4 Nd4 32. Nd6+ Kg8 33. Qf4 Rf8 34. Qxd4 Nd5 35. Nc4 Rf4 36. Re4 Rf3 37. Ne5 1-0

[Event "Longueuil CC-ch"]
[Site "Longueuil CAN"]
[Date "1989.05.12"]
[Round "4"]
[White "Reiner, Thomas"]
[Black "Charest, Johanne"]
[Result "1-0"]
[WhiteElo "1524"]
[BlackElo "1630"]
[PlyCount "79"]
[GameId "2160767912519485"]
[EventDate "1989.04.21"]
[EventType "swiss"]
[EventRounds "6"]
[EventCountry "CAN"]
[SourceTitle "EXT 2022"]
[Source "ChessBase"]
[SourceDate "2021.10.06"]
[SourceVersion "1"]
[SourceVersionDate "2021.10.06"]
[SourceQuality "1"]

1. d4 d5 2. c4 c6 3. cxd5 cxd5 4. Nc3 Nf6 5. Bf4 Nc6 6. e3 a6 7. Bd3 e6 8. a3 Bd6 9. Bg3 e5 10. dxe5 Bxe5 11. Nge2 O-O 12. O-O Re8 13. Bh4 Qd6 14. Bg3 Bg4 15. Qd2 Rad8 16. Bxe5 Nxe5 17. Nd4 Qd7 18. Nce2 Ne4 19. Bxe4 dxe4 20. Ng3 Bh3 21. Qc2 Bg4 22. Nxe4 h6 23. Ng3 Bh3 24. gxh3 g6 25. f4 Rc8 26. Qb3 Nc4 27. Rfe1 Qxh3 28. f5 g5 29. Qxb7 Nxe3 30. Rxe3 Rxe3 31. Qxc8+ Kh7 32. Qc7 Kh8 33. Qd8+ Kh7 34. Qd6 h5 35. Kf2 Re8 36. Nge2 Qe3+ 37. Kf1 Qh3+ 38. Ke1 Qh4+ 39. Kd2 Qf2 40. Qg3 1-0

[Event "Longueuil CC-ch"]
[Site "Longueuil CAN"]
[Date "1989.05.11"]
[Round "5"]
[White "Charest, Johanne"]
[Black "Jette, Georges"]
[Result "1-0"]
[WhiteElo "1630"]
[BlackElo "1743"]
[PlyCount "51"]
[GameId "2160767912519486"]
[EventDate "1989.04.21"]
[EventType "swiss"]
[EventRounds "6"]
[EventCountry "CAN"]
[SourceTitle "EXT 2022"]
[Source "ChessBase"]
[SourceDate "2021.10.06"]
[SourceVersion "1"]
[SourceVersionDate "2021.10.06"]
[SourceQuality "1"]

1. e4 c5 2. Nf3 d6 3. d4 cxd4 4. Nxd4 Nf6 5. Nc3 a6 6. Be2 Qc7 7. Be3 e6 8. f4 Nbd7 9. O-O Be7 10. Nb3 b5 11. a3 Bb7 12. Bf3 Rc8 13. Qe2 Nb6 14. Na5 Ba8 15. Nxb5 axb5 16. Qxb5+ Nfd7 17. e5 Nd5 18. Bxd5 Bxd5 19. exd6 Bxd6 20. Rae1 Rb8 21. Qa4 g5 22. fxg5 Bxh2+ 23. Kh1 Bg3 24. Re2 Rxb2 25. Bd4 Be5 26. Bxe5 1-0

[Event "Longueuil CC-ch"]
[Site "Longueuil CAN"]
[Date "1989.05.15"]
[Round "5"]
[White "Poitras, Luc"]
[Black "Morin, Louis"]
[Result "1-0"]
[WhiteElo "2036"]
[BlackElo "1918"]
[PlyCount "119"]
[GameId "2160767912519487"]
[EventDate "1989.04.21"]
[EventType "swiss"]
[EventRounds "6"]
[EventCountry "CAN"]
[SourceTitle "hb 2013"]

1. Nf3 d5 2. b3 e6 3. Bb2 Nf6 4. e3 Be7 5. Be2 O-O 6. O-O c5 7. d4 Nc6 8. c4 b6 9. Nc3 Bb7 10. cxd5 Nxd5 11. dxc5 Nxc3 12. Bxc3 Bxc5 13. Qc1 Qe7 14. a3 a5 15. Qb2 f6 16. Nd4 Nxd4 17. Bxd4 Rac8 18. Bxc5 Rxc5 19. b4 axb4 20. Qxb4 Qc7 21. Rab1 Rg5 22. f3 Ra5 23. Rfc1 Qd8 24. Bc4 Bd5 25. Rd1 Qa8 26. Bxd5 exd5 27. Rd3 Re8 28. Rbb3 Rb8 29. Rdc3 h6 30. Qd6 Kh7 31. Qd7 Ra7 32. Qf5+ Kg8 33. Qb1 Qb7 34. Rb5 Ra5 35. Rcb3 Rxb5 36. Rxb5 Qc6 37. Qb3 Ra8 38. Rxd5 Kh8 39. Qd3 Rc8 40. h3 Qc1+ 41. Kh2 Qc7+ 42. f4 Qf7 43. Rd6 Rb8 44. Rd8+ Rxd8 45. Qxd8+ Kh7 46. Qxb6 Qa2 47. Qc5 Qf2 48. a4 Kg6 49. Qd4 f5 50. Qe5 h5 51. Qe6+ Kh7 52. Qxf5+ g6 53. Qf7+ Kh6 54. Qe8 Kg7 55. Qe7+ Kh8 56. a5 h4 57. Qg5 Qxe3 58. Qxh4+ Kg7 59. Qg5 Qc3 60. Qe5+ 1-0

[Event "Longueuil CC-ch"]
[Site "Longueuil CAN"]
[Date "1989.05.26"]
[Round "6"]
[White "Corbeil, Marc"]
[Black "Charest, Johanne"]
[Result "1-0"]
[WhiteElo "1703"]
[BlackElo "1630"]
[PlyCount "127"]
[GameId "2160767912519488"]
[EventDate "1989.04.21"]
[EventType "swiss"]
[EventRounds "6"]
[EventCountry "CAN"]
[SourceTitle "EXT 2022"]
[Source "ChessBase"]
[SourceDate "2021.10.06"]
[SourceVersion "1"]
[SourceVersionDate "2021.10.06"]
[SourceQuality "1"]

1. c4 e5 2. Nc3 Nf6 3. g3 Nc6 4. Bg2 Be7 5. Nf3 d6 6. O-O O-O 7. a3 Be6 8. d3 h6 9. b4 a6 10. Bb2 Rb8 11. Qc2 Re8 12. Rac1 Bf8 13. Nd1 Bg4 14. Ne3 Bd7 15. d4 exd4 16. Nxd4 Ne5 17. Rfd1 b6 18. h3 c5 19. Ndf5 Qc7 20. Nd5 Nxd5 21. cxd5 Ng6 22. e3 Qc8 23. e4 Qd8 24. h4 cxb4 25. axb4 Rc8 26. Qd3 Bb5 27. Qd4 Ne5 28. Rxc8 Qxc8 29. Qxb6 Qc2 30. Qd4 Qb3 31. f4 Ng4 32. Nxd6 Ba4 33. Rd3 Qc2 34. Nxe8 Qb1+ 35. Bf1 Bxe8 36. Rd1 Qc2 37. Rd2 Qb3 38. Bc3 Qb1 39. Kg2 h5 40. Bxa6 Qe1 41. Re2 Qb1 42. Bd3 Qd1 43. b5 Qb3 44. b6 f6 45. Rb2 Qd1 46. Be2 Qc1 47. Bxg4 hxg4 48. b7 Bd6 49. b8=Q Bxb8 50. Rxb8 Qc2+ 51. Bd2 Kf7 52. Rb7+ Kg6 53. Rb2 Qd1 54. Qe3 Qa1 55. Bc3 Qd1 56. Qe2 Qa4 57. Qxg4+ Kh7 58. f5 Bb5 59. Bxf6 gxf6 60. Qg6+ Kh8 61. Qxf6+ Kh7 62. Qh8+ Kxh8 63. f6 Bf1+ 64. Kh2 1-0

[Event "Longueuil CC-ch"]
[Site "Longueuil CAN"]
[Date "1989.06.02"]
[Round "6"]
[White "Morin, Louis"]
[Black "Hetu, Sylvain"]
[Result "1-0"]
[WhiteElo "1918"]
[BlackElo "1673"]
[PlyCount "69"]
[GameId "2160767912519489"]
[EventDate "1989.04.21"]
[EventType "swiss"]
[EventRounds "6"]
[EventCountry "CAN"]
[SourceTitle "hb 2013"]

1. e4 d6 2. d4 Nf6 3. Nc3 g6 4. f3 Bg7 5. Be3 Nbd7 6. Qd2 O-O 7. Bh6 c5 8. d5 Qa5 9. h4 Nh5 10. g4 Ng3 11. Rh3 Nxf1 12. Kxf1 Ne5 13. h5 Nc4 14. Qc1 Bxc3 15. bxc3 Qxc3 16. Ne2 Qf6 17. Bxf8 Bxg4 18. Rg3 Rxf8 19. Kg2 Bxh5 20. Nf4 Qh4 21. Rh3 Qg5+ 22. Kf2 Qe5 23. c3 b5 24. a4 Rb8 25. Nxh5 gxh5 26. Rg3+ Kh8 27. axb5 Rxb5 28. Rxa7 Rb8 29. Qa1 h4 30. Rg2 Qf4 31. Ra8 Qe3+ 32. Kf1 Qxf3+ 33. Kg1 Qe3+ 34. Kh2 Qf4+ 35. Kh1 1-0

[Event "Longueuil CC-ch"]
[Site "Longueuil CAN"]
[Date "1989.06.02"]
[Round "7"]
[White "Charest, Johanne"]
[Black "Samson, Guy"]
[Result "0-1"]
[WhiteElo "1630"]
[BlackElo "1562"]
[PlyCount "64"]
[GameId "2160767912519490"]
[EventDate "1989.04.21"]
[EventType "swiss"]
[EventRounds "6"]
[EventCountry "CAN"]
[SourceTitle "EXT 2022"]
[Source "ChessBase"]
[SourceDate "2021.10.06"]
[SourceVersion "1"]
[SourceVersionDate "2021.10.06"]
[SourceQuality "1"]

1. d4 Nf6 2. Nc3 d5 3. e4 dxe4 4. f3 e6 5. fxe4 Bb4 6. Bg5 h6 7. Bxf6 Qxf6 8. Nf3 O-O 9. Bd3 c5 10. e5 Qd8 11. a3 Bxc3+ 12. bxc3 Qa5 13. Qd2 cxd4 14. cxd4 Qxd2+ 15. Nxd2 Nc6 16. c3 b6 17. Be4 Bb7 18. Nc4 Na5 19. Bxb7 Nxb7 20. Kd2 Rac8 21. Kd3 Rfd8 22. Nd2 Nc5+ 23. Kc2 Na4 24. Ne4 Rxd4 25. Rhe1 Rcc4 26. Nd6 Rxc3+ 27. Kb1 Rb3+ 28. Kc2 Rb2+ 29. Kc1 Rdd2 30. Ne4 Rbc2+ 31. Kb1 Rxg2 32. h3 Rc4 0-1

[Event "Mixed Masters inv."]
[Site "Calgary CAN"]
[Date "1989.??.??"]
[Round "?"]
[White "Frialde, Arniel"]
[Black "Yip, Michael"]
[Result "1-0"]
[WhiteElo "2270"]
[BlackElo "2130"]
[PlyCount "55"]
[GameId "2160767912519912"]
[EventDate "1989.??.??"]
[EventCountry "CAN"]

1. Nf3 Nf6 2. d3 c5 3. e4 d6 4. g3 g6 5. Bg2 Bg7 6. O-O O-O 7. Nc3 Nc6 8. Bg5 Rb8 9. a4 a6 10. Qd2 b5 11. axb5 axb5 12. Bh6 Nd4 13. Bxg7 Nxf3+ 14. Bxf3 Kxg7 15. Bg2 b4 16. Nd1 Qc7 17. Ne3 e5 18. f4 Bb7 19. fxe5 dxe5 20. Nf5+ Kh8 21. Qh6 Rg8 22. Ne3 Qe7 23. Qg5 Nd5 24. Qxe7 Nxe7 25. Rxf7 Rg7 26. Rxg7 Kxg7 27. Ra5 Rc8 28. Ng4 1-0

[Event "Mixed Masters inv."]
[Site "Calgary CAN"]
[Date "1989.??.??"]
[Round "?"]
[White "Huber, Gregory"]
[Black "Gardner, Robert"]
[Result "1-0"]
[WhiteElo "2257"]
[BlackElo "2300"]
[PlyCount "143"]
[GameId "2160767912519913"]
[EventDate "1989.??.??"]
[EventCountry "CAN"]

1. e4 c5 2. Nc3 Nc6 3. Nge2 e6 4. d4 cxd4 5. Nxd4 d6 6. Be3 Nf6 7. Bc4 Be7 8. Qe2 a6 9. Bb3 O-O 10. O-O-O Nxd4 11. Bxd4 b5 12. a3 Qc7 13. Rhg1 Bd7 14. g4 Rfb8 15. g5 Ne8 16. Qh5 b4 17. axb4 Rxb4 18. Rd3 a5 19. f4 a4 20. Nd5 exd5 21. Bxd5 Be6 22. Bxa8 Rxd4 23. Rxd4 Qa7 24. Rgd1 Qxa8 25. f5 Ba2 26. f6 gxf6 27. gxf6 Bxf6 28. Rg1+ Kh8 29. Qh6 Bg7 30. Qg5 Qa7 31. Rd3 Bh6 32. Qxh6 Qxg1+ 33. Rd1 Qg7 34. Qxg7+ Kxg7 35. Rd4 Be6 36. Rxa4 Kf6 37. Kd2 Bd7 38. Ra6 Ke6 39. c4 Nf6 40. Kd3 Bc8 41. Ra7 Bd7 42. b4 Bc6 43. e5 Be4+ 44. Ke3 dxe5 45. b5 Bh1 46. b6 Nd7 47. b7 f5 48. c5 f4+ 49. Kf2 Bc6 50. b8=Q Nxb8 51. Rxh7 Nd7 52. Rh6+ Kd5 53. h4 Nxc5 54. h5 Nd3+ 55. Kf1 e4 56. Rf6 Bb5 57. h6 Ne5+ 58. Ke1 Nf3+ 59. Kf2 Ng5 60. Rf5+ Ke6 61. Rxg5 e3+ 62. Kf3 Bd3 63. Kxf4 e2 64. Rg1 Kf7 65. Ke3 Bg6 66. Kxe2 Kf6 67. Ke3 Kf5 68. Rg2 Kf6 69. Kf4 Bb1 70. Rg7 Bd3 71. Ra7 Bc2 72. h7 1-0

[Event "Montreal op"]
[Site "Montreal CAN"]
[Date "1989.09.02"]
[Round "1"]
[White "Clement, Michel"]
[Black "Charest, Johanne"]
[Result "1/2-1/2"]
[WhiteElo "1915"]
[BlackElo "1550"]
[PlyCount "123"]
[GameId "2160767912502474"]
[EventDate "1989.09.02"]
[EventType "swiss"]
[EventRounds "5"]
[EventCountry "CAN"]
[SourceTitle "EXT 2022"]
[Source "ChessBase"]
[SourceDate "2021.10.06"]
[SourceVersion "1"]
[SourceVersionDate "2021.10.06"]
[SourceQuality "1"]

1. e4 e5 2. Nf3 Nc6 3. Bb5 a6 4. Ba4 Nf6 5. O-O Be7 6. Re1 b5 7. Bb3 d6 8. c3 O-O 9. h3 Na5 10. Bc2 c5 11. d4 cxd4 12. cxd4 Qc7 13. Nbd2 Bd7 14. Nf1 Rfe8 15. Ng3 h6 16. b3 Bf8 17. Bb2 Nc6 18. Rc1 Rac8 19. Bb1 Qb6 20. d5 Ne7 21. Bd3 Ng6 22. Ne2 Nh5 23. Qd2 Ngf4 24. Nxf4 Nxf4 25. Bf1 g5 26. Bc3 Qd8 27. Re3 h5 28. Nxg5 Bh6 29. h4 Ng6 30. Rg3 f6 31. Qd1 Bg4 32. Be2 fxg5 33. Bxg4 gxh4 34. Bxc8 hxg3 35. Be6+ Rxe6 36. dxe6 gxf2+ 37. Kf1 Bxc1 38. Qxc1 Qh4 39. Qe3 Nf4 40. Qf3 Qh1+ 41. Kxf2 Qh4+ 42. Kg1 Qf6 43. e7 Qxe7 44. Bb4 Qf6 45. Ba5 h4 46. Qg4+ Kf7 47. Be1 Ng6 48. Qd7+ Qe7 49. Qc8 Qa7+ 50. Bf2 Qe7 51. Qxa6 Qd7 52. a4 bxa4 53. bxa4 h3 54. Qa7 Qxa7 55. Bxa7 hxg2 56. Bb8 Ke7 57. Kxg2 Kd7 58. Kg3 Kc6 59. Kg4 Nf4 60. Kf5 Nd3 61. Ba7 Nb2 62. a5 1/2-1/2

[Event "Montreal op"]
[Site "Montreal CAN"]
[Date "1989.09.02"]
[Round "1"]
[White "Grandmaison, Real"]
[Black "Morin, Louis"]
[Result "1-0"]
[WhiteElo "1622"]
[BlackElo "1931"]
[PlyCount "31"]
[GameId "2160767912502475"]
[EventDate "1989.09.02"]
[EventType "swiss"]
[EventRounds "5"]
[EventCountry "CAN"]
[SourceTitle "hb 2013"]

1. e4 e5 2. Nc3 Nc6 3. f4 exf4 4. Nf3 g5 5. h4 g4 6. Ng5 h6 7. Nxf7 Kxf7 8. Bc4+ Ke8 9. Qxg4 Nf6 10. Qg6+ Ke7 11. Qf7+ Kd6 12. d4 Nxd4 13. Bxf4+ Kc6 14. Bb5+ Nxb5 15. Qc4+ Bc5 16. Qxb5# 1-0